Переработка загрязнённого радиоактивного металлического лома в плавильных печах; Ядерная энергетика: технология, безопасность, экология, экономика, управление

Dades bibliogràfiques
Parent link:Ядерная энергетика: технология, безопасность, экология, экономика, управление.— 2010.— [С. 12-13]
Autor principal: Гузеев В. В.
Altres autors: Аброськин А. И., Чернощук А. А.
Sumari:Заглавие с экрана.
Электронная версия печатной публикации
Idioma:rus
Publicat: 2010
Matèries:
Accés en línia:http://www.lib.tpu.ru/fulltext/v/Conferences/2010/K03/03002.pdf
Format: Electrònic Capítol de llibre
KOHA link:https://koha.lib.tpu.ru/cgi-bin/koha/opac-detail.pl?biblionumber=206578

MARC

LEADER 00000naa2a2200000 4500
001 206578
005 20260203131625.0
035 |a (RuTPU)RU\TPU\book\225205 
035 |a RU\TPU\book\225201 
090 |a 206578 
100 |a 20120113d2010 k y0rusy50 ca 
101 0 |a rus 
102 |a RU 
135 |a drnn ---uucaa 
181 0 |a i  
182 0 |a b 
200 1 |a Переработка загрязнённого радиоактивного металлического лома в плавильных печах  |f В. В. Гузеев, А. И. Аброськин, А. А. Чернощук 
203 |a Текст  |c электронный 
215 |a 1 файл (397 Кб) 
300 |a Заглавие с экрана. 
300 |a Электронная версия печатной публикации 
337 |a Adobe Reader 
463 1 |0 (RuTPU)RU\TPU\book\224752  |t Ядерная энергетика: технология, безопасность, экология, экономика, управление  |o сборник научных трудов I Всероссийской научно-практической конференции молодых атомщиков Сибири, Томск, 19-25 сентября 2010 г.  |f Национальный исследовательский Томский политехнический университет (ТПУ)  |v [С. 12-13]  |d 2010 
610 1 |a металлический лом 
610 1 |a радиоактивные загрязнения 
610 1 |a переработка 
610 1 |a плавильные печи 
610 1 |a электронный ресурс 
700 1 |a Гузеев  |b В. В. 
701 1 |a Аброськин  |b А. И. 
701 1 |a Чернощук  |b А. А. 
801 1 |a RU  |b 63413507  |c 20120113 
801 2 |a RU  |b 63413507  |c 20120424  |g RCR 
856 4 |u http://www.lib.tpu.ru/fulltext/v/Conferences/2010/K03/03002.pdf 
942 |c CF